Fast Typing: The Alphabet in reverse - Statistics

General Stats
  • This quiz has been taken 21 times
  • The average score is 18 of 26
Answer Stats
Answer % Correct
U
100%
V
100%
W
100%
X
100%
Y
100%
Z
100%
T
93%
Q
86%
R
86%
S
86%
O
79%
P
79%
N
71%
L
64%
M
64%
J
57%
K
57%
E
50%
F
50%
G
50%
H
50%
I
50%
D
36%
A
29%
B
29%
C
29%
No matching quizzes found
Score Distribution
Percent of People with Each Score
Percentile by Number Answered
Your Score History
You have not taken this quiz